| 000 | 00368nam a22001457a 4500 | ||
|---|---|---|---|
| 003 | OSt | ||
| 008 | 220924b |||||||| |||| 00| 0 eng d | ||
| 082 |
_a537 _bMAX/TR |
||
| 100 |
_aMaxwell, james clerk _95258 |
||
| 245 | _aA treatise on electricity and magnetism vol 2 | ||
| 250 | _a3rd | ||
| 260 |
_aNew york _bDover publications _c1891 |
||
| 300 | _a500 | ||
| 942 | _cBK | ||
| 999 |
_c17557 _d17557 |
||